000
00290nam a22001337a 4500
008
180919b xxu||||| |||| 00| 0 eng d
020
_a
9780131850491
041
_a
eng
080
_a
159.9
100
_a
49
101
_a
PSI
245
_a
Criminal Behavior
_c
Bartol, C.A
942
_2
udc
_c
BK
999
_c
48085
_d
48085